Países que mais cresceram em IDH neste século - Statistics

Estatísticas Gerais
  • Esse quiz foi jogado 65 vezes
  • A pontuação média é 9 de 24
Estatísticas das Respostas
# Países IDH 2000 IDH 2022 Crescimento % Correto
12 Niger 0,277 0,400 0,123
69%
3 Angola 0,403 0,586 0,183
62%
5 Etiópia 0,327 0,498 0,171
59%
15 Botswana 0,572 0,693 0,121
50%
10 Moçambique 0,322 0,446 0,124
50%
23 Emirados Árabes Unidos 0,812 0,911 0,099
48%
16 Mauritânia 0,438 0,556 0,118
48%
18 Burundi 0,313 0,426 0,113
45%
21 Tanzânia 0,440 0,549 0,109
45%
8 Zâmbia 0,433 0,565 0,132
43%
9 Ruanda 0,403 0,534 0,131
41%
7 Guiné Bissau 0,349 0,483 0,134
40%
20 Malawi 0,400 0,512 0,112
38%
17 Arábia Saudita 0,759 0,875 0,116
36%
11 Burkina Faso 0,325 0,449 0,124
36%
1 Serra Leoa 0,275 0,477 0,202
34%
13 Costa do Marfim 0,428 0,550 0,122
33%
6 Gâmbia 0,405 0,565 0,160
33%
22 Benim 0,420 0,525 0,105
28%
14 Laos 0,485 0,607 0,122
24%
2 Bangladesh 0,478 0,661 0,183
21%
19 Nepal 0,490 0,602 0,112
21%
4 Butão 0,494 0,666 0,172
17%
24 Turquia 0,742 0,838 0,096
17%
Nenhum quiz correspondente encontrado
Distribuição das Pontuações
Porcentagem de Pessoas com Cada Pontuação
Percentil de Números Respondidos
Sua Pontuação Histórica
Você não jogou esse quiz